000 03287nam0a2200409 4500
001 RU\NLR\BIBL_A\022450517
005 20250709104211.0
010 _a978-5-6052480-5-7
_91000
021 _aRU
_bКН-П-24-080514
_9КН-П-24-8036
035 _a(NLR Aleph) 022450517
090 _a13449875
_c13449875
100 _a20250210d2024 k y0rusy50 ca
101 0 _arus
_aeng
102 _aRU
105 _aah z 110yy
181 0 _ai4
_baxxe
182 0 _an
200 1 _aКазачество на службе Отечества: к 370-летию Переяславской рады и присоединения Запорожского войска к России
_eсборник научных статей
_eпо материалам докладов, сделанных на [Международной] научной конференции "Казачество на службе Отечества: к 370-летию Переяславской рады и присоединения Запорожского войска к России", которая прошла в Москве 25-26 апеля 2024 года
_fМинистерство науки и высшего образования Российской Федерации, ФГБОУ ВО Московский государственный университет технологий и управления им. К. Г. Разумовского (ПКУ), Ассоциация "Российское историческое общество"
_gсоставитель: доктор исторических наук Д. М. Володихин
_gнаучный редактор: кандидат исторических наук А. В. Малов
203 _aТекст
_bвизуальный
_cнепосредственный
210 _aМосква
_cСнежный ком (Штепин Д. В.)
_d2024
215 _a457, [4] с.
_cил., факс.
_d21
300 _aЧасть текста англ.
320 _aБиблиогр. в конце ст. и в подстроч. примеч.
601 0 2 _aЗапорожское казачье войско
_jСъезды, совещания и т.п
_92328597
_3RU\NLR\AUTH\661392636
606 1 _aКазачество
_jСъезды, совещания и т.п
_xИстория
_91329723
_3RU\NLR\AUTH\66237990
686 1 _aТ3(2)0-294я431
686 1 _aЦ59,8(2)2-13я431
702 1 _4220
_7ca
_8rus
_aВолодихин
_bД. М.
_f1969-
_gДмитрий Михайлович
_910265
_3RU\NLR\AUTH\7727228
702 1 _aМалов
_bА. В.
_gАлександр Витальевич
_4340
711 1 2 _a"Казачество на службе Отечества", международная научная конференция
_eМосква
_f2024
_92655710
_3RU\NLR\AUTH\880623342
712 0 2 _4570
_aМосковский государственный университет технологий и управления им. К. Г. Разумовского
_9633426
_3RU\NLR\AUTH\8810065908
942 _cBOOK
980 _aNB
980 _aNB